[Event "EOBCC 2020"]
[Site "Online"]
[Date "2020.12.18"]
[Round "6.21"]
[White "Grandelius, Nils"]
[Black "Sadzikowski, Daniel"]
[Result "0-1"]
[WhiteElo "2663"]
[BlackElo "2528"]
[Annotator "ChessBase"]
[PlyCount "102"]
[EventDate "2020.12.18"]
[EventType "tourn"]
[EventCountry "NET"]
[SourceTitle "playchess.com"]
[Source "ChessBase"]
[SourceQuality "1"]

1. Nf3 d5 2. g3 Nd7 3. Nc3 Ngf6 4. d4 e6 5. Bg2 Be7 6. O-O O-O 7. Re1 b6 8. Nd2 c5 9. dxc5 Nxc5 10. e4 Bb7 11. e5 Nfd7 12. Nb3 Nxb3 13. axb3 a5 14. Nb5 Ba6 15. Nd4 Rc8 16. Qg4 Kh8 17. h4 Nb8 18. c3 Nc6 19. Nf3 Bd3 20. h5 h6 21. Qf4 d4 22. Nxd4 Nxd4 23. cxd4 Bg5 24. Qf3 Bc2 25. Bxg5 Qxg5 26. Rac1 Qd2 27. d5 Bxb3 28. Qf4 Qxf4 29. gxf4 Bxd5 30. Bxd5 exd5 31. Red1 Rc4 32. Rxc4 dxc4 33. Rd7 Kg8 34. Rb7 Rd8 35. Kg2 Rd4 36. Kf3 Rd3+ 37. Kg4 Rb3 38. f5 Rxb2 39. Rb8+ Kh7 40. e6 fxe6 41. fxe6 Re2 42. Rxb6 c3 43. Rc6 c2 44. f4 a4 45. Kf5 a3 46. e7 Rxe7 47. Rxc2 Ra7 48. Ra2 Ra5+ 49. Ke4 g6 50. hxg6+ Kxg6 51. f5+ Kf6 0-1

[Event "EOBCC 2020"]
[Site "Online"]
[Date "2020.12.18"]
[Round "6.23"]
[White "Sarana, Alexey"]
[Black "Shchekachev, Andrei"]
[Result "1-0"]
[WhiteElo "2636"]
[BlackElo "2515"]
[Annotator "TA"]
[PlyCount "77"]
[EventDate "2020.12.18"]
[EventType "tourn"]
[EventCountry "NET"]
[SourceTitle "playchess.com"]
[Source "ChessBase"]
[SourceQuality "1"]

1. c4 g6 2. Nc3 c5 3. g3 Bg7 4. Bg2 d6 5. e3 Nf6 6. Nge2 Nc6 7. d4 Bd7 8. O-O h5 9. h4 O-O 10. b3 Rb8 11. Bb2 Ng4 12. dxc5 dxc5 13. Qc2 Bf5 14. e4 Bd7 15. Rad1 Nd4 16. Nxd4 cxd4 17. Nd5 e6 18. Nb4 a5 19. Nd3 e5 20. Qd2 b5 21. Rc1 Bh6 22. f4 bxc4 23. bxc4 f6 24. Ba3 Re8 25. Bd6 Rc8 26. c5 Be6 27. Bh3 Qd7 28. Bxg4 Bxg4 29. Kh2 a4 30. Rb1 Qe6 31. Rb7 Rcd8 32. Qc2 exf4 33. Bxf4 Qxe4 34. c6 Qe2+ 35. Rf2 Qxc2 36. Rxc2 Bf5 37. c7 Rc8 38. Bxh6 Bxd3 39. Rcb2 1-0

[Event "EOBCC 2020"]
[Site "Online"]
[Date "2020.12.18"]
[Round "6.24"]
[White "Kazakouski, Valery"]
[Black "Meier, Georg"]
[Result "0-1"]
[WhiteElo "2473"]
[BlackElo "2628"]
[Annotator "TA"]
[PlyCount "74"]
[EventDate "2020.12.18"]
[EventType "tourn"]
[EventCountry "NET"]
[SourceTitle "playchess.com"]
[Source "ChessBase"]
[SourceQuality "1"]

1. d4 e6 2. c4 Nf6 3. Nf3 Bb4+ 4. Bd2 Bxd2+ 5. Qxd2 d6 6. Nc3 O-O 7. g3 Nc6 8. Bg2 e5 9. O-O Bg4 10. e3 h6 11. h3 Bd7 12. e4 Nh7 13. d5 Ne7 14. Ne1 f5 15. Nd3 Ng5 16. exf5 Bxf5 17. h4 Nh7 18. Rae1 Qd7 19. Ne4 Nf6 20. f4 Nxe4 21. Bxe4 Bxe4 22. Rxe4 Qg4 23. Qg2 Rf7 24. Nf2 Qg6 25. fxe5 dxe5 26. Rxe5 Raf8 27. Ree1 Nf5 28. Kh2 Nd4 29. Re3 Qc2 30. Kg1 Nf3+ 31. Rxf3 Rxf3 32. h5 Qxc4 33. d6 cxd6 34. g4 Qf4 35. a3 d5 36. b4 d4 37. g5 Qxg5 0-1

[Event "EOBCC 2020"]
[Site "Online"]
[Date "2020.12.18"]
[Round "6.25"]
[White "Shubin, Kirill"]
[Black "Deac, Bogdan-Daniel"]
[Result "0-1"]
[WhiteElo "2441"]
[BlackElo "2625"]
[Annotator "TA"]
[PlyCount "76"]
[EventDate "2020.12.18"]
[EventType "tourn"]
[EventCountry "NET"]
[SourceTitle "playchess.com"]
[Source "ChessBase"]
[SourceQuality "1"]

1. e4 e5 2. Nf3 Nc6 3. Bb5 Nf6 4. O-O Nxe4 5. Re1 Nd6 6. Nxe5 Be7 7. Bf1 Nf5 8. Nf3 d5 9. d4 O-O 10. c3 Re8 11. Bd3 Bd6 12. Rxe8+ Qxe8 13. Nbd2 Nce7 14. Nf1 Ng6 15. Ng3 Nxg3 16. hxg3 c6 17. Bg5 Bg4 18. Qc2 Qd7 19. Re1 Re8 20. Rxe8+ Qxe8 21. Nh2 Qe1+ 22. Nf1 Nf8 23. Bd2 Qe8 24. Ne3 Be6 25. a4 h5 26. Qd1 g6 27. Qf3 Qe7 28. g4 hxg4 29. Nxg4 Nd7 30. g3 f5 31. Ne3 Nf6 32. Ng2 c5 33. Bf4 cxd4 34. Bxd6 Qxd6 35. cxd4 Qb4 36. Qe3 Bf7 37. Nf4 Ng4 38. Qd2 Qxd2 0-1

[Event "EOBCC 2020"]
[Site "Online"]
[Date "2020.12.18"]
[Round "6.26"]
[White "Tomczak, Jacek"]
[Black "Yatzenko, Anton"]
[Result "1-0"]
[WhiteElo "2610"]
[BlackElo "2379"]
[Annotator "TA"]
[PlyCount "103"]
[EventDate "2020.12.18"]
[EventType "tourn"]
[EventCountry "NET"]
[SourceTitle "playchess.com"]
[Source "ChessBase"]
[SourceQuality "1"]

1. e4 e5 2. Nf3 Nc6 3. d4 exd4 4. Nxd4 Bc5 5. Be3 Qf6 6. c3 Nge7 7. g3 h5 8. Bg2 h4 9. f4 hxg3 10. hxg3 Rxh1+ 11. Bxh1 Qg6 12. Qf3 Bxd4 13. cxd4 d5 14. Nc3 dxe4 15. Nxe4 Bf5 16. Nc3 O-O-O 17. a3 Bg4 18. Qf2 Nf5 19. d5 Re8 20. Be4 Nd8 21. Kd2 Qf6 22. Kc2 a6 23. Re1 Nd6 24. Bd3 Bf5 25. Bxf5+ Qxf5+ 26. Kb3 Qd3 27. Bc1 Qc4+ 28. Kc2 Rxe1 29. Qxe1 Kd7 30. Qe5 f6 31. Qh5 Qd4 32. Qg4+ f5 33. Qe2 N8f7 34. Qe6+ Kd8 35. Be3 Qf6 36. Kd3 Nh6 37. Bd4 Qxe6 38. dxe6 g6 39. Nd5 Ng8 40. Be5 Ne7 41. Bf6 Ndc8 42. Kd4 c6 43. Nxe7 Nxe7 44. Kc5 Ke8 45. Bxe7 Kxe7 46. Kb6 Kxe6 47. Kxb7 Kd5 48. Kxa6 Ke4 49. Kb7 Kf3 50. a4 Kxg3 51. a5 Kxf4 52. a6 1-0

[Event "EOBCC 2020"]
[Site "Online"]
[Date "2020.12.18"]
[Round "6.27"]
[White "Kacharava, Nikolozi"]
[Black "Durarbayli, Vasif"]
[Result "1-0"]
[WhiteElo "2443"]
[BlackElo "2606"]
[Annotator "ChessBase"]
[PlyCount "103"]
[EventDate "2020.12.18"]
[EventType "tourn"]
[EventCountry "NET"]
[SourceTitle "playchess.com"]
[Source "ChessBase"]
[SourceQuality "1"]

1. e4 e5 2. Nf3 Nc6 3. Bc4 Nf6 4. d3 Bc5 5. c3 d6 6. O-O a6 7. Nbd2 Ba7 8. a4 O-O 9. h3 Re8 10. Re1 Be6 11. Bxe6 Rxe6 12. Qc2 d5 13. b4 d4 14. Bb2 dxc3 15. Bxc3 b5 16. Nb3 h6 17. axb5 axb5 18. Na5 Nd4 19. Bxd4 Bxd4 20. Nb7 Qc8 21. Rxa8 Qxa8 22. Nxd4 exd4 23. Qxc7 Nd5 24. Qd8+ Qxd8 25. Nxd8 Re8 26. Nc6 Nf4 27. Rd1 Ne6 28. Rc1 Ra8 29. Na5 Nf4 30. Rd1 Rc8 31. Nb3 Rc3 32. Nxd4 Rxd3 33. Rxd3 Nxd3 34. Nc6 Kf8 35. g3 Ke8 36. Kf1 Kd7 37. Ke2 Nxf2 38. Nb8+ Kc8 39. Kxf2 Kxb8 40. Ke3 Kc7 41. Kd4 Kd6 42. e5+ Kc6 43. g4 f6 44. e6 Kd6 45. e7 Kxe7 46. Kc5 g6 47. Kxb5 Kd6 48. Ka6 f5 49. gxf5 gxf5 50. b5 f4 51. b6 f3 52. b7 1-0

[Event "EOBCC 2020"]
[Site "Online"]
[Date "2020.12.18"]
[Round "6.28"]
[White "Globus, Or"]
[Black "Postny, Evgeny"]
[Result "1/2-1/2"]
[WhiteElo "2399"]
[BlackElo "2605"]
[Annotator "ChessBase"]
[PlyCount "142"]
[EventDate "2020.12.18"]
[EventType "tourn"]
[EventCountry "NET"]
[SourceTitle "playchess.com"]
[Source "ChessBase"]
[SourceQuality "1"]

1. c4 Nf6 2. Nc3 e5 3. Nf3 Nc6 4. e4 Bb4 5. d3 d6 6. a3 Bc5 7. b4 Bd4 8. Nxd4 Nxd4 9. Be2 O-O 10. O-O Nd7 11. Bg4 a5 12. Be3 f5 13. exf5 Nf6 14. Bxd4 exd4 15. Nb5 axb4 16. Bh3 bxa3 17. Nxd4 c6 18. Qb3 Qa5 19. Nc2 a2 20. Nb4 Qe5 21. Rfe1 Qd4 22. Rxa2 Rxa2 23. Nxa2 Ng4 24. Bxg4 Qxg4 25. Nc3 Qxf5 26. Ne4 Kh8 27. f3 h6 28. d4 Qf4 29. Qe3 Qxe3+ 30. Rxe3 Re8 31. Kf2 Rd8 32. c5 dxc5 33. dxc5 Be6 34. Nd6 Bd5 35. Nxb7 Rb8 36. Nd6 Rb2+ 37. Kg3 Rc2 38. Nb7 Kh7 39. h4 Kg6 40. Re7 Kf6 41. Rc7 g5 42. hxg5+ hxg5 43. Rh7 g4 44. Kxg4 Rxg2+ 45. Kf4 Rf2 46. Rh6+ Kg7 47. Rh3 Kf6 48. Nd6 Rc2 49. Rh5 Kg6 50. Rg5+ Kf6 51. Rf5+ Ke6 52. Re5+ Kf6 53. Rh5 Kg6 54. Rg5+ Kf6 55. Ne4+ Bxe4 56. fxe4 Rf2+ 57. Ke3 Kxg5 58. Kxf2 Kf4 59. e5 Kxe5 60. Ke3 Kd5 61. Kd3 Kxc5 62. Kc3 Kd5 63. Kd3 c5 64. Kc3 c4 65. Kc2 Kd4 66. Kd2 c3+ 67. Kc2 Kc4 68. Kc1 Kb4 69. Kc2 Kc4 70. Kc1 Kd4 71. Kc2 Kc4 1/2-1/2

[Event "EOBCC 2020"]
[Site "Online"]
[Date "2020.12.18"]
[Round "6.29"]
[White "Kobalia, Mikhail"]
[Black "Ahmadzada, Ahmad"]
[Result "1/2-1/2"]
[WhiteElo "2590"]
[BlackElo "2431"]
[Annotator "ChessBase"]
[PlyCount "133"]
[EventDate "2020.12.18"]
[EventType "tourn"]
[EventCountry "NET"]
[SourceTitle "playchess.com"]
[Source "ChessBase"]
[SourceQuality "1"]

1. e4 e5 2. Nf3 Nc6 3. Bb5 Nf6 4. d3 d6 5. O-O g6 6. d4 Bd7 7. Bxc6 Bxc6 8. dxe5 Nxe4 9. Qe2 Bg7 10. Nd4 d5 11. f3 Nc5 12. f4 Ne4 13. Nc3 f5 14. exf6 Qxf6 15. Nxc6 Qxc6 16. Nxe4 dxe4 17. f5 gxf5 18. Qh5+ Qg6 19. Qxf5 Bd4+ 20. Kh1 Qxf5 21. Rxf5 O-O-O 22. Bg5 Bxb2 23. Re1 Bc3 24. Ref1 Rde8 25. Be3 Be5 26. g3 Bd6 27. Rh5 Re7 28. Kg2 b6 29. c4 Kb7 30. Rff5 Rhe8 31. g4 Rg7 32. h3 Rd7 33. Rd5 Kc6 34. Kf2 Rf8+ 35. Rhf5 Rxf5+ 36. Rxf5 Bb4 37. g5 Rd3 38. Rf7 Ra3 39. Rxh7 Rxa2+ 40. Kg3 Bd6+ 41. Kg4 a5 42. g6 Rg2+ 43. Kf5 a4 44. Bd4 a3 45. g7 Bc5 46. Bc3 e3 47. Rh8 e2 48. g8=Q Rxg8 49. Rxg8 Bd4 50. Be1 a2 51. Ra8 a1=Q 52. Rxa1 Bxa1 53. Ke4 Kc5 54. Kd3 Bf6 55. h4 Bg7 56. h5 Bh6 57. Bc3 c6 58. Be1 b5 59. cxb5 cxb5 60. Kxe2 Kc4 61. Bd2 Bg7 62. h6 Bxh6 63. Bxh6 b4 64. Bg7 b3 65. Kd2 b2 66. Kc2 b1=B+ 67. Kxb1 1/2-1/2

[Event "EOBCC 2020"]
[Site "Online"]
[Date "2020.12.18"]
[Round "6.30"]
[White "Galopoulos, Nikolaos"]
[Black "Wagner, Dennis"]
[Result "0-1"]
[WhiteElo "2360"]
[BlackElo "2581"]
[Annotator "ChessBase"]
[PlyCount "62"]
[EventDate "2020.12.18"]
[EventType "tourn"]
[EventCountry "NET"]
[SourceTitle "playchess.com"]
[Source "ChessBase"]
[SourceQuality "1"]

1. d4 Nf6 2. c4 g6 3. Nc3 d5 4. Nf3 Bg7 5. Bg5 Ne4 6. cxd5 Nxg5 7. Nxg5 e6 8. Nf3 exd5 9. e3 O-O 10. Be2 a5 11. O-O c6 12. a3 Qd6 13. Na4 Nd7 14. Rc1 Re8 15. Ne1 h5 16. Nd3 h4 17. h3 Re7 18. Qd2 Bh6 19. Ndc5 Nxc5 20. Rxc5 Bxh3 21. gxh3 Rxe3 22. f4 Bxf4 23. Qd1 Rg3+ 24. Kf2 Re8 25. Ke1 Rg2 26. Nc3 Bg5 27. Qd3 Re3 28. Qc2 Qh2 29. Kd1 Qxh3 30. Qb3 Rgxe2 31. Qxb7 Qxf1# 0-1

[Event "EOBCC 2020"]
[Site "Online"]
[Date "2020.12.18"]
[Round "6.31"]
[White "Aleksandrov, Aleksej"]
[Black "Gunnarsson, Arnar"]
[Result "0-1"]
[WhiteElo "2574"]
[BlackElo "2420"]
[Annotator "ChessBase"]
[PlyCount "78"]
[EventDate "2020.12.18"]
[EventType "tourn"]
[EventCountry "NET"]
[SourceTitle "playchess.com"]
[Source "ChessBase"]
[SourceQuality "1"]

1. d4 f5 2. g3 Nf6 3. Bg2 e6 4. Nf3 d5 5. O-O Bd6 6. b3 Qe7 7. c4 c6 8. Bb2 O-O 9. Qc1 a5 10. Ba3 a4 11. Bxd6 Qxd6 12. Nc3 a3 13. c5 Qc7 14. Na4 Nbd7 15. Qxa3 b5 16. cxb6 Nxb6 17. Rfc1 Nxa4 18. bxa4 Ne4 19. Ne5 Ra6 20. e3 Bb7 21. Bf1 Ra5 22. Bb5 c5 23. Nd7 Rxb5 24. Nxf8 Rb6 25. dxc5 Rc6 26. Nxe6 Rxe6 27. Rab1 Nd2 28. Rb6 Nc4 29. Rxc4 Rxb6 30. cxb6 Qxc4 31. Qe7 Qc6 32. Qd8+ Kf7 33. f3 h6 34. h4 Kg6 35. Kh2 d4 36. h5+ Kh7 37. e4 fxe4 38. Qxd4 Qc2+ 39. Kh3 exf3 0-1

[Event "EOBCC 2020"]
[Site "Online"]
[Date "2020.12.18"]
[Round "6.32"]
[White "Sychev, Klementy"]
[Black "Barp, Alberto"]
[Result "0-1"]
[WhiteElo "2572"]
[BlackElo "2366"]
[Annotator "RC"]
[PlyCount "82"]
[EventDate "2020.12.18"]
[EventType "tourn"]
[EventCountry "NET"]
[SourceTitle "playchess.com"]
[Source "ChessBase"]
[SourceQuality "1"]

1. e4 e5 2. Nf3 Nc6 3. Bb5 a6 4. Ba4 Nf6 5. O-O Be7 6. d3 b5 7. Bb3 O-O 8. a3 d6 9. Nc3 Bg4 10. Be3 Nd4 11. Bxd4 exd4 12. Nd5 Nxd5 13. Bxd5 Rc8 14. h3 Bd7 15. a4 c6 16. Bb3 Qb6 17. Qd2 Bf6 18. Qf4 c5 19. axb5 axb5 20. Bd5 c4 21. Ra2 cxd3 22. cxd3 b4 23. Rfa1 Bb5 24. Qd2 Qc5 25. Ra7 h6 26. h4 Qc2 27. Qxc2 Rxc2 28. Rxf7 Rxf7 29. Ra8+ Kh7 30. Bxf7 g5 31. Ra7 Kh8 32. b3 g4 33. Ng5 hxg5 34. h5 Be5 35. g3 Bxd3 36. Bd5 Rc1+ 37. Kg2 Bf1+ 38. Kh2 Be2 39. f4 Bf3 40. Ra8+ Kg7 41. h6+ Kh7 0-1

[Event "EOBCC 2020"]
[Site "Online"]
[Date "2020.12.18"]
[Round "6.33"]
[White "Djordjevic, Vuk"]
[Black "Mchedlishvili, Mikheil"]
[Result "0-1"]
[WhiteElo "2350"]
[BlackElo "2570"]
[Annotator "ChessBase"]
[PlyCount "98"]
[EventDate "2020.12.18"]
[EventType "tourn"]
[EventCountry "NET"]
[SourceTitle "playchess.com"]
[Source "ChessBase"]
[SourceQuality "1"]

1. d4 Nf6 2. Bg5 g6 3. Bxf6 exf6 4. c4 d5 5. cxd5 Qxd5 6. Nc3 Qd8 7. e3 Bd6 8. h4 h5 9. g3 c6 10. Bg2 O-O 11. Nge2 Nd7 12. O-O Nb6 13. Rc1 Bg4 14. Ne4 Be7 15. Nc5 Rb8 16. Qc2 Kg7 17. Nf4 Bd6 18. Nfd3 Nd7 19. b4 Qe7 20. a4 Rfe8 21. b5 Rec8 22. bxc6 bxc6 23. a5 Nxc5 24. Nxc5 Rb5 25. Nb3 Be6 26. Nd2 Rxa5 27. Nc4 Rb5 28. Nxd6 Qxd6 29. Qa4 Rc7 30. Rxc6 Rxc6 31. Qxb5 Rc2 32. Ra1 Bc4 33. Qa4 Bd3 34. Qxa7 Qe6 35. Qa5 Qb3 36. Qa3 Qc4 37. Bf1 Bxf1 38. Rxf1 Rd2 39. Qa8 Qe2 40. Qe4 Qc4 41. Kg2 Qc3 42. Qf3 Qc4 43. Re1 Qd3 44. Rc1 Qa3 45. Rc6 Qe7 46. Qf4 Rb2 47. Qd6 Qe4+ 48. Kh3 Qf5+ 49. Kg2 Qxf2+ 0-1

[Event "EOBCC 2020"]
[Site "Online"]
[Date "2020.12.18"]
[Round "6.34"]
[White "Theodorou, Nikolas"]
[Black "Sevgi, Volkan"]
[Result "1-0"]
[WhiteElo "2554"]
[BlackElo "2359"]
[Annotator "ChessBase"]
[PlyCount "99"]
[EventDate "2020.12.18"]
[EventType "tourn"]
[EventCountry "NET"]
[SourceTitle "playchess.com"]
[Source "ChessBase"]
[SourceQuality "1"]

1. d4 f5 2. c4 Nf6 3. Nc3 e6 4. g3 d5 5. Bg2 c6 6. Nh3 Bd6 7. O-O O-O 8. Bf4 Be7 9. Rc1 a5 10. Qd3 Na6 11. a3 Ne4 12. Be5 Bd7 13. Nf4 Qe8 14. e3 Rc8 15. Qe2 Qf7 16. Nd3 Rfd8 17. c5 Be8 18. Na4 Ra8 19. Nb6 Ra7 20. b4 axb4 21. axb4 g5 22. f3 Nf6 23. Ra1 h6 24. Bc7 Rda8 25. Nxa8 Rxa8 26. Bd6 Bd8 27. e4 Rc8 28. exf5 exf5 29. Rae1 Bd7 30. Ne5 Qh7 31. b5 cxb5 32. Bh3 Nb4 33. Nxd7 Qxd7 34. Qd2 Nc6 35. Qd3 Ra8 36. Bxf5 Qg7 37. Re2 b4 38. Rfe1 Bc7 39. Re7 Nxe7 40. Rxe7 Ra1+ 41. Kg2 Ra2+ 42. Kh3 g4+ 43. fxg4 Qg5 44. Be6+ Kh8 45. Rxc7 h5 46. Rc8+ Kg7 47. Bf8+ Kh8 48. Bh6+ Qg8 49. Rxg8+ Nxg8 50. g5 1-0

[Event "EOBCC 2020"]
[Site "Online"]
[Date "2020.12.18"]
[Round "6.35"]
[White "Migot, Tangi"]
[Black "Stefansson, Hannes"]
[Result "0-1"]
[WhiteElo "2353"]
[BlackElo "2536"]
[Annotator "ChessBase"]
[PlyCount "78"]
[EventDate "2020.12.18"]
[EventType "tourn"]
[EventCountry "NET"]
[SourceTitle "playchess.com"]
[Source "ChessBase"]
[SourceQuality "1"]

1. e4 d5 2. exd5 Nf6 3. Nf3 Nxd5 4. d4 g6 5. c4 Nb6 6. a4 a5 7. Nc3 Bg7 8. c5 Nd5 9. Bc4 c6 10. Qb3 O-O 11. O-O e6 12. Bg5 Qc7 13. Rad1 Nd7 14. Bh4 b6 15. Bg3 Qa7 16. Ne4 bxc5 17. Bd6 cxd4 18. Bxf8 Bxf8 19. Nxd4 Bb7 20. Qg3 Bg7 21. Nb3 Qb6 22. Rb1 Qb4 23. Rfc1 N5b6 24. Qc7 Nxc4 25. Qxd7 Ne5 26. Qc7 Rc8 27. Qxa5 Qxe4 28. Nc5 Qf4 29. Nxb7 Ng4 30. Qe1 Qxh2+ 31. Kf1 Qh1+ 32. Ke2 Qxg2 33. Rc4 Ne5 34. Rf4 g5 35. Rb4 Qf3+ 36. Kf1 Nd3 37. Rb3 Nxe1 38. Rxf3 Nxf3 39. b4 Nd2+ 0-1

[Event "EOBCC 2020"]
[Site "Online"]
[Date "2020.12.18"]
[Round "6.36"]
[White "Iskandarov, Misratdin"]
[Black "Garayev, Kanan"]
[Result "1-0"]
[WhiteElo "2535"]
[BlackElo "2331"]
[Annotator "ChessBase"]
[PlyCount "53"]
[EventDate "2020.12.18"]
[EventType "tourn"]
[EventCountry "NET"]
[SourceTitle "playchess.com"]
[Source "ChessBase"]
[SourceQuality "1"]

1. e4 e5 2. Nf3 Nc6 3. Bb5 a6 4. Bxc6 dxc6 5. O-O Qd6 6. b3 Bg4 7. h3 Bh5 8. Bb2 f6 9. d3 g5 10. Nbd2 b5 11. Qe1 Bf7 12. d4 exd4 13. Nxd4 Ne7 14. N2f3 O-O-O 15. a4 b4 16. Qe2 c5 17. e5 fxe5 18. Nxe5 Bd5 19. Ndf3 Bg7 20. Rad1 h5 21. Nf7 Qg6 22. Nxh8 Bxh8 23. Bxh8 Rxh8 24. Qxe7 Bxf3 25. gxf3 g4 26. Qe4 Qg5 27. Qa8# 1-0

[Event "EOBCC 2020"]
[Site "Online"]
[Date "2020.12.18"]
[Round "6.37"]
[White "Gabdrakhmanov, Azat"]
[Black "Abbasov, Farid"]
[Result "1-0"]
[WhiteElo "2319"]
[BlackElo "2528"]
[Annotator "ChessBase"]
[PlyCount "97"]
[EventDate "2020.12.18"]
[EventType "tourn"]
[EventCountry "NET"]
[SourceTitle "playchess.com"]
[Source "ChessBase"]
[SourceQuality "1"]

1. e4 g6 2. d4 Bg7 3. Nc3 d6 4. f4 Nd7 5. Nf3 a6 6. Bd3 c5 7. Be3 cxd4 8. Bxd4 Ngf6 9. e5 Nh5 10. e6 fxe6 11. Bxg7 Nxg7 12. Qe2 Nf6 13. O-O-O O-O 14. Ng5 Bd7 15. Bc4 d5 16. Bd3 Rc8 17. h4 Qc7 18. g3 b5 19. h5 Nfxh5 20. Qf3 b4 21. Nxh7 bxc3 22. Nxf8 cxb2+ 23. Kb1 Kxf8 24. g4 Qxf4 25. Qh3 Ke8 26. Bxg6+ Kd8 27. gxh5 Nf5 28. Bxf5 exf5 29. Rxd5 e6 30. Rdd1 Ke7 31. Qa3+ Ke8 32. Rhg1 Qc4 33. Qd3 Bb5 34. Qxc4 Rxc4 35. h6 Ba4 36. h7 Bxc2+ 37. Kxb2 Rh4 38. Rg8+ Kf7 39. Kxc2 Rxh7 40. Rc8 Kf6 41. Rcd8 f4 42. R8d7 Rh2+ 43. Kd3 Rxa2 44. Ke4 Ra4+ 45. R7d4 Ra5 46. Rf1 Re5+ 47. Kf3 Rf5 48. Rxf4 e5 49. Rxf5+ 1-0

[Event "EOBCC 2020"]
[Site "Online"]
[Date "2020.12.18"]
[Round "6.38"]
[White "Stefanova, Antoaneta"]
[Black "Sargissian, Gabriel"]
[Result "0-1"]
[WhiteElo "2466"]
[BlackElo "2682"]
[Annotator "TA"]
[PlyCount "66"]
[EventDate "2020.12.18"]
[EventType "tourn"]
[EventCountry "NET"]
[SourceTitle "playchess.com"]
[Source "ChessBase"]
[SourceQuality "1"]

1. d4 Nf6 2. Nf3 e6 3. e3 b6 4. Bd3 Bb7 5. O-O d5 6. b3 Nbd7 7. c4 Bd6 8. cxd5 exd5 9. Ba3 Qe7 10. Bxd6 Qxd6 11. Nc3 a6 12. Rc1 O-O 13. Qe2 Rfe8 14. Rfd1 Ne4 15. Qb2 Re7 16. Ne2 Rae8 17. Ng3 g6 18. b4 b5 19. Bf1 Nxg3 20. hxg3 Nb6 21. Qb3 Nc4 22. a4 c6 23. Ra1 Bc8 24. axb5 axb5 25. Ra8 Bg4 26. Rda1 Bxf3 27. gxf3 Nd2 28. Qc3 Nxf3+ 29. Kg2 Ng5 30. Rxe8+ Rxe8 31. Ra6 Qe6 32. Qxc6 Qh3+ 33. Kg1 Nf3# 0-1

[Event "EOBCC 2020"]
[Site "Online"]
[Date "2020.12.18"]
[Round "6.39"]
[White "Najer, Evgeniy"]
[Black "Murzin, Volodar"]
[Result "1-0"]
[WhiteElo "2648"]
[BlackElo "2470"]
[Annotator "ChessBase"]
[PlyCount "85"]
[EventDate "2020.12.18"]
[EventType "tourn"]
[EventCountry "NET"]
[SourceTitle "playchess.com"]
[Source "ChessBase"]
[SourceQuality "1"]

1. d4 Nf6 2. g3 g6 3. Bg2 Bg7 4. e4 O-O 5. Ne2 d6 6. h3 c5 7. c3 Nc6 8. O-O cxd4 9. cxd4 e5 10. d5 Ne7 11. Nbc3 Nd7 12. g4 a6 13. Ng3 Kh8 14. Bg5 f6 15. Be3 Qe8 16. Kh2 f5 17. exf5 gxf5 18. gxf5 e4 19. Ncxe4 Nxf5 20. Nxf5 Rxf5 21. Rc1 Nf6 22. Ng3 Re5 23. Bd4 Re7 24. Re1 Bd7 25. Rxe7 Qxe7 26. Rc7 Qd8 27. Rxb7 Qc8 28. Qb3 Ng4+ 29. hxg4 Bxd4 30. Ne4 Be5+ 31. Kg1 Qc1+ 32. Bf1 Bxg4 33. Qe3 Qxe3 34. fxe3 Rg8 35. Kf2 Rf8+ 36. Ke1 h5 37. Be2 Bf5 38. Ng5 Bg3+ 39. Kd2 h4 40. Bd3 Bc8 41. Rh7+ Kg8 42. Rh6 Rf2+ 43. Kc3 1-0

[Event "EOBCC 2020"]
[Site "Online"]
[Date "2020.12.18"]
[Round "6.40"]
[White "Bartel, Mateusz"]
[Black "Mammadzada, Gunay"]
[Result "1-0"]
[WhiteElo "2638"]
[BlackElo "2443"]
[Annotator "TA"]
[PlyCount "61"]
[EventDate "2020.12.18"]
[EventType "tourn"]
[EventCountry "NET"]
[SourceTitle "playchess.com"]
[Source "ChessBase"]
[SourceQuality "1"]

1. e4 c5 2. Ne2 Nf6 3. Nbc3 d6 4. d4 cxd4 5. Nxd4 a6 6. g3 e5 7. Nde2 Be7 8. Bg2 O-O 9. O-O b5 10. Nd5 Nxd5 11. Qxd5 Ra7 12. Be3 Be6 13. Qd2 Rb7 14. Nc3 Re8 15. Nd5 Bf8 16. b3 Nd7 17. a4 Nf6 18. axb5 axb5 19. Nxf6+ Qxf6 20. Ra6 Rc8 21. Rfa1 Rbc7 22. R1a2 Qd8 23. Bb6 Qd7 24. Bxc7 Rxc7 25. Ra8 Qe7 26. Rb8 Rb7 27. Raa8 Rxb8 28. Rxb8 g6 29. Qa5 Qg5 30. Qd8 Qh6 31. Qxd6 1-0

[Event "EOBCC 2020"]
[Site "Online"]
[Date "2020.12.18"]
[Round "6.41"]
[White "Jaracz, Pawel"]
[Black "Moranda, Wojciech"]
[Result "0-1"]
[WhiteElo "2456"]
[BlackElo "2618"]
[Annotator "ChessBase"]
[PlyCount "112"]
[EventDate "2020.12.18"]
[EventType "tourn"]
[EventCountry "NET"]
[SourceTitle "playchess.com"]
[Source "ChessBase"]
[SourceQuality "1"]

1. e4 c5 2. Nf3 d6 3. Bc4 Nf6 4. d3 e6 5. O-O Be7 6. Bb3 O-O 7. c3 Nc6 8. Re1 b5 9. Nbd2 a5 10. Nf1 Bb7 11. Ng3 Qb6 12. d4 cxd4 13. cxd4 a4 14. Bc2 Nb4 15. Bb1 Rfd8 16. Bg5 h6 17. Bxf6 Bxf6 18. Nh5 Be7 19. a3 Na6 20. Qd3 e5 21. Qe3 Bc8 22. Ba2 Bg4 23. Ng3 exd4 24. Nxd4 Bf6 25. Ngf5 Bxf5 26. Nxf5 Qxe3 27. Rxe3 b4 28. Bd5 Bxb2 29. Ra2 bxa3 30. Bxa8 Rxa8 31. Nxd6 Nb4 32. Raxa3 Nc2 33. Ra2 Nxe3 34. Rxb2 a3 35. Ra2 Nc2 36. Nc4 Ra4 37. Rxc2 a2 38. Rxa2 Rxa2 39. f3 Kf8 40. h4 h5 41. Kh2 Ke7 42. Kg3 Ke6 43. Ne3 g6 44. Kf4 Re2 45. g4 hxg4 46. Nxg4 f6 47. Kg3 f5 48. Nf2 f4+ 49. Kg2 Ke5 50. Kf1 Rd2 51. Ke1 Rd8 52. Kf1 Kd4 53. Kg2 Rh8 54. Kh3 Ke3 55. Ng4+ Kxf3 56. e5 Re8 0-1

[Event "EOBCC 2020"]
[Site "Online"]
[Date "2020.12.18"]
[Round "6.42"]
[White "Grinev, Valeriy"]
[Black "Svane, Rasmus"]
[Result "1-0"]
[WhiteElo "2441"]
[BlackElo "2613"]
[Annotator "TA"]
[PlyCount "93"]
[EventDate "2020.12.18"]
[EventType "tourn"]
[EventCountry "NET"]
[SourceTitle "playchess.com"]
[Source "ChessBase"]
[SourceQuality "1"]

1. d4 d5 2. c4 e6 3. Nc3 a6 4. cxd5 exd5 5. Qb3 Nc6 6. Nf3 Bb4 7. Bg5 Nge7 8. e3 Bf5 9. Be2 Rb8 10. O-O Be6 11. Bh4 h6 12. Rac1 O-O 13. a3 Bd6 14. Bg3 Re8 15. Na4 Bxg3 16. hxg3 Qd6 17. Nc5 Rec8 18. Nxb7 Qd7 19. Bxa6 Na5 20. Nxa5 Rxb3 21. Bxc8 Qxc8 22. Nxb3 Bf5 23. Nc5 g5 24. Rc3 c6 25. Rfc1 f6 26. b4 Qa8 27. a4 Qb8 28. Rb3 h5 29. a5 h4 30. gxh4 g4 31. Nh2 g3 32. fxg3 Qxg3 33. Nf1 Qxh4 34. a6 Nc8 35. b5 cxb5 36. Rxb5 Qg5 37. Rb8 Kh7 38. a7 Nxa7 39. Rb7+ Kh6 40. Rxa7 Qg4 41. Ra2 Kg6 42. Rf2 Bc8 43. Rb1 Bf5 44. Rbb2 Kg7 45. Rf4 Qg5 46. Rbf2 Bg6 47. Ne6+ 1-0